Bosquejo del desarollo de la ciudad de Guanajuato (Record no. 3865)

MARC details
000 -CABECERA
campo de control de longitud fija 00770nam a2200241 a 4500
001 - NÚMERO DE CONTROL
campo de control BRCA_4149
005 - FECHA Y HORA DE LA ÚLTIMA TRANSACCIÓN
campo de control 20190320204549.0
008 - DATOS DE LONGITUD FIJA--INFORMACIÓN GENERAL
campo de control de longitud fija 150410s1942----mx-a######---#000-0#spa-#
041 ## - CÓDIGO DE LENGUA
Código de lengua del texto/banda sonora o título independiente spa
044 ## - CÓDIGO DEL PAÍS DE LA ENTIDAD EDITORA/PRODUCTORA
Código MARC del país mx
050 #4 - SIGNATURA TOPOGRÁFICA DE LA BIBLIOTECA DEL CONGRESO
Número de clasificación F1391.G8
Número de documento/Ítem .C47 1942
100 1# - ENTRADA PRINCIPAL--NOMBRE DE PERSONA
Nombre de persona Cervantes, Enrique A.
Fechas asociadas al nombre 1935-
9 (RLIN) 10715
245 10 - MENCIÓN DE TÍTULO
Título Bosquejo del desarollo de la ciudad de Guanajuato
Mención de responsabilidad, etc. Enrique A. Cervantes.
260 ## - PUBLICACIÓN, DISTRIBUCIÓN, ETC.
Lugar de publicación, distribución, etc. México
Nombre del editor, distribuidor, etc. E. A. Cervantes
Fecha de publicación, distribución, etc. 1942
300 ## - DESCRIPCIÓN FÍSICA
Extensión 29 p.
Otras características físicas il., 32 láminas, 1 mapa
Dimensiones 28 cm.
500 ## - NOTA GENERAL
Nota general Incluye una carta topográfica de Guanajuato y un mapa de Real de Minas
500 ## - NOTA GENERAL
Nota general Ejemplar numerado 27 de 600
500 ## - NOTA GENERAL
Nota general C178
651 #4 - PUNTO DE ACCESO ADICIONAL DE MATERIA--NOMBRE GEOGRÁFICO
Nombre geográfico Guanajuato
Subdivisión general Historia
Subdivisión geográfica México
9 (RLIN) 10716
651 #4 - PUNTO DE ACCESO ADICIONAL DE MATERIA--NOMBRE GEOGRÁFICO
Nombre geográfico México
Subdivisión general Descripción
9 (RLIN) 10717
902 ## - CATALOGADOR
Iniciales GFM
942 ## - ELEMENTOS DE PUNTO DE ACCESO ADICIONAL (KOHA)
Fuente del sistema de clasificación o colocación Library of Congress Classification
Tipo de ítem Koha Libros
Holdings
Estado de retiro Estado de pérdida Estado dañado No para préstamo Localización permanente Ubicación/localización actual Fecha de adquisición Número de inventario Total de préstamos Signatura topográfica completa Código de barras Fecha visto por última vez Precio válido a partir de Tipo de ítem Koha
El ejemplar forma parte de la colección y puede ser consultado según las políticas vigentes.       Biblioteca del Museo Franz Mayer (Rogerio Casas-Alatriste) Biblioteca del Museo Franz Mayer (Rogerio Casas-Alatriste) 15/04/2010 C178   F1391.G8 .C47 1942 (C178) 4146 22/03/2019 22/03/2019 Libros